000 00437nam a2200169Ia 4500
008 230711s9999||||xx |||||||||||||| ||und||
020 _a978-3-03768-224-1
041 _aENG
082 _a724.6
_bUF-M
100 _aUffelen, Chris Van
245 0 _aMassive, Expressive, Sculptural : Brutalism Now and Then
250 _a1st Ed.
260 _c2018
_aBerlin
_bBraun Publishing
300 _a304p.
650 _aArchitecture
942 _cBK
999 _c7033
_d7033